000 00698nam a2200253Ia 4500
003 OSt
005 20220912150829.0
006 a|||||r|||| 00| 0
007 ta
008 220909b |||||||| |||| 00| 0 eng d
024 _a39458
037 _cTextual
040 _aCSL
_beng
_cCSL
041 _aeng
082 _aB636, M3
100 _aBruce J W
245 0 _aCurves and singularities: A geometrical introduction to singularity theory
260 _aCambridge
_bUniversity Press
_c1983
300 _axii, 222p.
_ccm.
650 _aThree dimension geometry
700 _a Giblin P J
942 _hB636, M3
_cTEXL
_2CC
999 _c55750
_d55750